000 01201 a2200193 4500
001 57005
005 20260407155832.0
008 260407a1956 arg spa d
003 AR-UNSa-BCEJYS
040 _aAR-UNSa-BCEJYS
_bspa
_cAR-UNSa-BCEJYS
080 _a94:33
_xHistoria económica
245 1 0 _aOn the history and method of economics
_pselected essays
264 1 _aChicago :
_bUniversity of Chicago Press
_c1956
300 _a308 p.
_c20 cm.
505 _a1. Economics – 2. The ricardian theory of production and distribution – 3. Historical and theoretical issues in the problema of modern capitalism – 4. The common sense of political economy (Wicksteed Reprinted) – 5. Social science – 6. Social causation – 7. “What is thruth” in economics? – 8. Statics and dynamics: some queries regarding the mechanical analogy in economics – 9. The business cycle, interest, and money: a methodological approach – 10. Salvation by science: the góspel according to profesor lundberg – 11. The role principles in economics and politics – 12. Free society: its basic nature and problem
942 _cBK
590 _aniveau_biblio:m niveau_hierar:0
100 1 _aKnight, Frank H.
999 _c6093
_d6093